Biggest Cities in Southern Italy on a Map - Statistics

General Stats
  • This quiz has been taken 335 times
  • The average score is 20 of 41
Answers on the Map
Answers color-coded by a green-red scale on the quiz's map according to % correct below.
 
Answer Stats
Region Population City % Correct
Campania 962,003 Naples
97%
Sicily 657,651 Palermo
95%
Apulia 315,933 Bari
93%
Sardinia 149,883 Cagliari
87%
Sicily 293,902 Catania
85%
Sicily 243,262 Messina
79%
Calabria 180,817 Reggio Calabria
71%
Sicily 123,850 Syracuse
71%
Apulia 200,154 Taranto
67%
Apulia 95,520 Lecce
63%
Campania 132,608 Salerno
60%
Abruzzo 123,077 Pescara
57%
Sardinia 130,658 Sassari
57%
Apulia 89,780 Brindisi
55%
Apulia 147,036 Foggia
55%
Calabria 93,124 Catanzaro
50%
Basilicata 68,297 Potenza
48%
Abruzzo 72,511 L’Aquila
47%
Sicily 70,622 Trapani
47%
Calabria 61,798 Crotone
43%
Campania 62,035 Benevento
42%
Calabria 70,068 Cosenza
42%
Sicily 73,743 Ragusa
42%
Basilicata 60,818 Matera
40%
Molise 49,230 Campobasso
39%
Apulia 94,459 Barletta
38%
Sicily 82,774 Marsala
37%
Campania 78,693 Caserta
35%
Sicily 77,360 Gela
34%
Apulia 100,086 Andria
33%
Calabria 71,286 Lamezia Terme
33%
Campania 117,963 Giugliano in Campania
31%
Campania 87,197 Torre del Greco
29%
Sardinia 71,779 Quartu Sant'Elena
28%
Campania 64,506 Castellammare di Stabia
25%
Sicily 63,332 Vittoria
25%
Campania 63,981 Afragola
22%
Apulia 70,023 Altamura
22%
Campania 83,459 Pozzuoli
22%
Calabria 74,848 Corigliano-Rossano
18%
Campania 79,562 Casoria
17%
No matching quizzes found
Score Distribution
Percent of People with Each Score
Percentile by Number Answered
Your Score History
You have not taken this quiz